| 000 | 00644nam a22002057a 4500 | ||
|---|---|---|---|
| 999 |
_c10988 _d10988 |
||
| 003 | AR-CdUCM | ||
| 008 | 190402b ||||| |||| 00| 0 spa d | ||
| 040 |
_aMUNICIPALIDAD PROVINCIAL DEL CUSCO _cBIBLIOTECA MUNICIPAL DEL CUSCO |
||
| 082 |
_aEP / 372.510 / _bZ37 |
||
| 100 |
_aZapata Misad, Ruth Maria _927736 |
||
| 245 | _aMatematÃca Colibrà / | ||
| 260 |
_aLima : _bEdiciones Coquito, |
||
| 300 |
_a176 paginas ; _bilustraciones, graficos, dibujos, _c28 cm. |
||
| 500 | _aMatematica | ||
| 650 |
_aMatematica _920026 |
||
| 650 |
_aFiguras geometricas _920967 |
||
| 650 |
_aTexto educativo _925832 |
||
| 942 |
_2ddc _cLIBROS |
||
| 945 | _apjha | ||